00671nam a22001817a 4500003000900000008004100009040007100050082001800121100002000139245004900159260003600208300004100244440003900285505009900324650002600423650002400449650001600473AR-CdUCM190524b ||||| |||| 00| 0 spa d aMUNICIPALIDAD PROVINCIAL DEL CUSCOcBIBLIOTECA MUNICIPAL DEL CUSCO a599.73 /bM46 aMay, Neil D. S. aAnatomia de ovino :bManual de disección / aMéxico :bHemisferio, c1974. a561 páginas ;bImágenes,c23 cm. aCentro regional de ayuda técnica aContenido : Miembro anterior -- Tórax -- Abdomen -- Miembro posterior -- Cavidad pelviana..  aÓrganos de animales aAntomia veterinaria aDisecciones